| 000 | 00384cam a22001337a 4500 | ||
|---|---|---|---|
| 008 | 180718b1970 xxu||||| |||| 00| 0 eng d | ||
| 082 | _aD R246 | ||
| 100 | _aReddy, B.P. Jeevan | ||
| 245 |
_aModern power politics: cold war: a study _cby B.P. Jeevan Reddy |
||
| 260 |
_aNew Delhi _bOrient _c1970 |
||
| 300 | _axiii, 268p | ||
| 650 | _aCold War | ||
| 650 | _aWorld politics --20th century | ||
| 999 |
_c424127 _d424127 |
||